Music Quiz

Random Music Quiz
Score 0/23 Timer 04:00
0 Plays Today
% Correct
N*****
98.4%
Through
95.6%
Touch
95.6%
All
95.3%
Heard
90.9%
Made
85.2%
Hold
83.6%
Illest
78.6%
Everything
77.7%
Gotta
77.7%
We
76.4%
Get
75.5%
% Correct
Murder
73%
I'll
71.7%
New
70.4%
Say
68.2%
That's
68.2%
Send
67.3%
Bring
63.5%
I'm
59.7%
My
57.5%
I
55%
To
50.9%
Remove Ads.
Support Sporcle.
Get the best of Sporcle when you Go Orange. This ad-free experience offers more features, more stats, and more fun while also helping to support Sporcle. Thank you for becoming a member.

You're not logged in!

Compare scores with friends on all Sporcle quizzes.
OR
Log In

Show Comments

Extras

Created Dec 17, 2014ReportNominate
Tags:Kanye West, Slot Machine

Top Quizzes Today


Score Distribution

Your Account Isn't Verified!

In order to create a playlist on Sporcle, you need to verify the email address you used during registration. Go to your Sporcle Settings to finish the process.

Report this User

Report this user for behavior that violates our Community Guidelines.

Details: